000 00208 a2200109 4500
020 _a9781426324888
041 _aspa
100 _aSCHREIBER, Anne
245 _aLos Tiburones
942 _cBK
952 _74
_xok
999 _c25914
_d25914